|
|
|
|
| LEADER |
01203ppm a22002538a 4500 |
| 001 |
00046360 |
| 005 |
20210126130138.0 |
| 008 |
170228s2013 ||||||Viesd |
| 041 |
0 |
# |
|a Vie
|
| 082 |
1 |
4 |
|a 546
|b NGH305C
|
| 100 |
1 |
# |
|a Huỳnh, Thị Thanh Đẹp
|
| 245 |
0 |
0 |
|a Nghiên cứu biến tính Diatomite bằng MnO2 NANO, ứng dụng xử lý chất hữu cơ màu trong nước
|b Luận văn thạc sĩ Hóa học. Chuyên ngành: Hóa lý thuyết và Hóa lý. Mã số: 8.44.01.19
|c Huỳnh Thị Thanh Đẹp; Bùi Văn Thắng (hướng dẫn)
|
| 260 |
# |
# |
|a Đồng Tháp
|b Đại học Đồng Tháp
|c 2020
|
| 300 |
# |
# |
|a 55 tr. + phụ lục
|c 30 cm.
|e 1 bản tóm tắt
|
| 500 |
# |
# |
|a ĐTTS ghi: Bộ giáo dục và đào tạo. Trường Đại học Đồng Tháp
|
| 653 |
# |
# |
|a Biến tính Diatomite
|
| 653 |
# |
# |
|a Nước
|
| 653 |
# |
# |
|a MnO2 NANO
|
| 653 |
# |
# |
|a Chất màu hữu cơ
|
| 653 |
# |
# |
|a Luận văn
|
| 700 |
1 |
# |
|a Bùi, Văn Thắng
|e Hướng dẫn
|
| 852 |
# |
# |
|j LV.0002749
|
| 910 |
# |
# |
|d 26/01/2021
|
| 980 |
# |
# |
|a Trung tâm Học liệu Lê Vũ Hùng, Trường Đại học Đồng Tháp
|